Controle de Convencionalidade Ambiental

Bibliographic Details
Main Author: Glasenapp, Ricardo
Other Authors: Maganhini, Thais
Format: eBook
Language:Portuguese
Published: Lisboa: Novas Ediė̳s Acadm̊icas, 2019
Subjects:
Online Access:Acceso restringido

MARC

LEADER 00000nam a22000007a 4500
005 2019100907017.0
007 cr|||| ||||
008 191009s2019 pt |||||s|||| 00||0 por d
020 |a 9786139757947 
035 |a 29926 
040 |a vLex 
090 |c 9771  |d 9771 
100 1 |a Glasenapp, Ricardo 
245 1 0 |a Controle de Convencionalidade Ambiental  |h [Recurso electrn̤ico] /  |c Ricardo Glasenapp, Thais Maganhini 
256 |a Servicio en ln̕ea 
260 |a Lisboa:  |b Novas Ediė̳s Acadm̊icas,  |c 2019 
300 |a 1 recurso electrn̤ico 
500 |a "A idǐa dos direitos humanos ,̌ assim, tô antiga como a prp̤ria histr̤ia das civilizaė̳s, tendo logo se manifestado, em distintas culturas e em momentos histr̤icos sucessivos, na afirmaȯ̂ da dignidade da pessoa humana, na luta contra todas as formas de dominaȯ̂ e exclusô e opressô, e em prol da salvaguarda contra o despotismo e a arbitrariedade, e na asserȯ̂ da participaȯ̂ na vida comunitr̀ia e do princp̕io da legitimidade." Antn̥io Augusto Canȧdo Trindade 
506 1 |a Disponible solo en los productos indicados  |d vLex Global  |d vLex Global (Academic Edition, excluding Law Schools)  |d vLex Global (U.S. Academic Edition, Law Schools)  |d vLex Global (U.S. Academic Edition, excluding Law Schools)  |d vLex Global (Academic Edition, Law Schools) 
650 0 4 |a Derecho Internacional  |z Portugal 
700 1 |a Maganhini, Thais 
740 0 |a vLex Libros (Servicio en ln̕ea) 
856 4 0 |u http://vlex.com/source/29926  |z Acceso restringido 
942 |c BOOK 
999 0 |a International right